<?xml version="1.0" encoding="UTF-8"?><?xml-stylesheet type="text/xsl" href="static/style.xsl"?><OAI-PMH xmlns="http://www.openarchives.org/OAI/2.0/" xmlns:xsi="http://www.w3.org/2001/XMLSchema-instance" xsi:schemaLocation="http://www.openarchives.org/OAI/2.0/ http://www.openarchives.org/OAI/2.0/OAI-PMH.xsd"><responseDate>2026-04-29T04:09:27Z</responseDate><request verb="GetRecord" identifier="oai:repisalud.isciii.es:20.500.12105/4926" metadataPrefix="marc">https://repisalud.isciii.es/rest/oai/request</request><GetRecord><record><header><identifier>oai:repisalud.isciii.es:20.500.12105/4926</identifier><datestamp>2025-06-02T18:26:15Z</datestamp><setSpec>com_20.500.12105_2405</setSpec><setSpec>com_20.500.12105_2403</setSpec><setSpec>col_20.500.12105_2412</setSpec></header><metadata><record xmlns="http://www.loc.gov/MARC21/slim" xmlns:dcterms="http://purl.org/dc/terms/" xmlns:doc="http://www.lyncode.com/xoai" xmlns:xsi="http://www.w3.org/2001/XMLSchema-instance" xsi:schemaLocation="http://www.loc.gov/MARC21/slim http://www.loc.gov/standards/marcxml/schema/MARC21slim.xsd">
   <leader>00925njm 22002777a 4500</leader>
   <datafield ind2=" " ind1=" " tag="042">
      <subfield code="a">dc</subfield>
   </datafield>
   <datafield ind2=" " ind1=" " tag="720">
      <subfield code="a">Instituto de Salud Carlos III. Agencia de Evaluación de Tecnologías Sanitarias</subfield>
      <subfield code="e">author</subfield>
   </datafield>
   <datafield ind2=" " ind1=" " tag="260">
      <subfield code="c">1998-12</subfield>
   </datafield>
   <datafield ind2=" " ind1=" " tag="520">
      <subfield code="a">Este informe sintetiza la Parte I del estudio de la OCDE, «Biotechnology and Medical Innovation: Socio-economic Assessment of the, Technology the Potencial and the Prducts» («Biotecnología e Innovación Médica: Evaluación socioeconómica de la Tecnología, el Potencial y los Productos») (OCDE, 1997). Se dirige a un amplio espectro que incluye políticos, industria y expertos académicos . Sus objetivos son los mismos que los del estudio original, en particular: 
– proporcionar una revisión actualizada de los desarrollos tecnológicos generales y de las innovaciones clínicas;
– definir algunas de las preguntas clave planteadas por los desarrollos biotecnológicos;
– identificar los métodos actuales de evaluación económica aplicables a las nuevas biotecnologías médicas;
– resaltar las insuficiencias metodológicas de los sistemas de evaluación económica existentes y considerar sus implicaciones durante el proceso de innovación; y
– determinar si el uso de los diversos métodos de evaluación tecnológica y de valoración económica se integran eficazmente en el conjunto de los sistemas de planificación y prestación sanitarias.</subfield>
   </datafield>
   <datafield ind1="8" ind2=" " tag="024">
      <subfield code="a">Aspectos económicos de las biotecnologías relacionadas con la salud humana. Parte I: biotecnología e innovación médica: evaluación socio-económica de la tecnología, el potencial y los productos. Madrid: AETS - Instituto de Salud Carlos III; 1998</subfield>
   </datafield>
   <datafield ind1="8" ind2=" " tag="024">
      <subfield code="a">84-930379-1-5</subfield>
   </datafield>
   <datafield ind1="8" ind2=" " tag="024">
      <subfield code="a">http://hdl.handle.net/20.500.12105/4926</subfield>
   </datafield>
   <datafield ind1="8" ind2=" " tag="024">
      <subfield code="a">10.4321/repisalud.4926</subfield>
   </datafield>
   <datafield ind1="8" ind2=" " tag="024">
      <subfield code="a">354-98-101-4</subfield>
   </datafield>
   <datafield ind2="0" ind1="0" tag="245">
      <subfield code="a">Aspectos económicos de las biotecnologías relacionadas con la salud humana. 1ª Parte. Epítomes de Política Sanitaria</subfield>
   </datafield>
</record></metadata></record></GetRecord></OAI-PMH>